[Event "14th Vandoeuvre Open 2018"]
[Site "?"]
[Date "2018.01.05"]
[Round "8"]
[White "Maiorov, Nikita"]
[Black "Donchenko, Alexander"]
[Result "1-0"]
[WhiteElo "2547"]
[BlackElo "2580"]
[Annotator "TA"]
[PlyCount "111"]
[EventDate "2018.??.??"]
[EventType "swiss"]
[EventCountry "FRA"]
[SourceTitle "Vandoeuvre"]

{[%evp 16,111,29,34,41,41,43,32,39,21,38,33,43,35,41,51,81,81,137,116,181,169,185,183,192,183,180,175,168,155,148,149,160,166,156,143,209,216,225,126,138,123,208,210,212,213,237,188,218,191,192,181,220,221,332,325,331,337,341,350,375,374,360,366,368,362,443,443,426,407,803,800,1546,1520,1490,992,1470,1339,1483,1373,1222,889,29958,5816,29961,29961,6095,5206,29967,29969,29970,29971,29970,29971,29974,29975,29979,29980]} 1. d4 Nf6 2. c4 g6 3. Nc3 Bg7 4. g3 O-O 5. Bg2 d6 6. Nf3 Nc6 7. O-O e5 8. d5 Nb8 9. e4 a5 {E62: King's Indian: Fianchetto: 6...c6 and Panno Variation (6...Nc6) without ...a6} 10. Bg5 (10. Ne1 Na6 11. Nd3 Nd7 12. f4 exf4 13. gxf4 Nb6 14. Qb3 Re8 15. Be3 a4 16. Nxa4 Nxa4 17. Qxa4 {0-1 (32) Mamedyarov,S (2772)-Shimanov,A (2642) chess.com INT 2017}) 10... h6 11. Bd2 (11. Be3 {feels hotter.} Na6 12. h3 b6 13. b3 Nc5 14. Qc2) 11... Na6 {White is slightly better.} 12. Qc2 $146 ({Predecessor:} 12. Ne1 Nc5 13. b3 Ne8 14. Qc1 Kh7 15. Qc2 f5 16. f3 f4 17. Nd3 Nxd3 18. Qxd3 {0-1 (73) Munoz Galvez,J (2251)-Ossa,O (2238) Medellin 2010}) 12... Nc5 13. Rad1 b6 14. b3 Nh5 15. a3 {[%cal Ba2a3,Ba3b4][%mdl 32]} Bd7 16. b4 axb4 ({Black should try} 16... Nb7) 17. axb4 $16 Na4 {[#]} (17... Na6 $16 {was necessary.}) 18. Nb5 $1 $18 Bxb5 19. cxb5 {Ra1 is the strong threat.} Qd7 20. Rc1 Qxb5 21. Qxc7 Rfd8 22. Rfe1 Qe8 23. Qc6 b5 24. Bf1 Rab8 25. Be3 Qd7 (25... Nf6 $16 26. Bd2 Bf8) 26. Nd2 f5 27. Qxd7 ({Better is} 27. exf5 $18 gxf5 28. f3) 27... Rxd7 $16 28. f3 f4 (28... Nf6 $16 {keeps fighting.} 29. Rc6 g5) 29. Bf2 $18 fxg3 30. hxg3 Bf6 31. Bh3 Rg7 32. Rc2 Bg5 33. Nb1 Nb6 34. Na3 Nc4 (34... Rgb7 {is a better defense.} 35. Nxb5 Nc4 36. Rxc4 Rxb5) 35. Nxc4 bxc4 36. Rxc4 Rgb7 37. Rb1 Bd2 38. Rb2 Rxb4 39. Rcxb4 Bxb4 40. Kg2 Kg7 41. Bg4 Nf6 {[#]} 42. Be1 $1 {[%mdl 512]} Nxg4 (42... Bxe1 $142 43. Rxb8 Nxg4) 43. fxg4 Bxe1 44. Rxb8 {[%mdl 4096] Endgame KR-KB} Kf6 45. Kf3 Bd2 46. Rb6 Ke7 47. Ke2 Ba5 48. Ra6 Bd8 49. Ra7+ Kf8 50. Kd3 Bb6 51. Rd7 Bf2 52. Rxd6 {White mates.} Kf7 53. Rd7+ Kf6 54. Rh7 Bxg3 55. Rxh6 Kg5 56. Rh8 {Precision: White = 90%, Black = 48%.} 1-0

[Event "14th Vandoeuvre Open 2018"]
[Site "?"]
[Date "2018.01.05"]
[Round "8"]
[White "Bellahcene, Bilel"]
[Black "Kevlishvili, Robby"]
[Result "*"]
[WhiteElo "2494"]
[BlackElo "2451"]
[Annotator "TA"]
[PlyCount "36"]
[EventDate "2018.??.??"]
[EventType "swiss"]
[EventCountry "FRA"]
[SourceTitle "Vandoeuvre"]

{[%evp 17,36,21,30,22,28,23,30,29,25,31,27,0,0,0,0,0,0,0,0,0,0]} 1. e4 Nc6 2. Nf3 d6 3. Bb5 Nf6 4. Nc3 a6 5. Bxc6+ bxc6 6. h3 g6 7. O-O Bg7 8. d4 O-O 9. Re1 {B00: Damenfianchetto, Nimzowitsch-Verteidigung} (9. Be3 Rb8 10. b3 Nd7 11. Ne2 c5 12. c4 Bb7 13. Nc3 cxd4 14. Nxd4 c5 15. Nde2 f5 16. exf5 gxf5 {0-1 (48) Oleksienko,M (2636)-Zubov,A (2604) Lvov 2017}) 9... Nd7 {LiveBook: 5 Partien} 10. Be3 e5 11. Qd2 $146 {Weiß hat minimalen Vorteil.} ({Vorgänger:} 11. dxe5 Nxe5 12. Nxe5 Bxe5 13. Bd4 Qf6 14. Bxe5 Qxe5 15. Qd2 Rb8 16. b3 Bb7 {½-½ (61) Matulovic,M (2485)-Mestrovic,Z (2410) Sibenik 1986}) 11... Bb7 12. Rad1 Re8 13. b3 Qe7 14. Bg5 Qf8 {Die Stellung ist ausgeglichen.} 15. dxe5 Nxe5 16. Nxe5 Rxe5 17. f4 Ree8 18. f5 {[#] Droht f6 und aus.} Be5 *

[Event "14th Vandoeuvre Open 2018"]
[Site "?"]
[Date "2018.01.05"]
[Round "8"]
[White "Lin, Chen"]
[Black "Fedorchuk, Sergey A"]
[Result "1-0"]
[WhiteElo "2485"]
[BlackElo "2638"]
[Annotator "TA"]
[PlyCount "153"]
[EventDate "2018.??.??"]
[EventType "swiss"]
[EventCountry "FRA"]
[SourceTitle "Vandoeuvre"]

{[%evp 14,153,56,27,54,34,33,31,35,41,89,74,70,65,115,21,34,41,35,6,0,0,1,0,0,-6,10,10,10,10,13,10,13,6,18,0,0,-3,95,-23,10,6,7,2,3,0,0,0,15,0,0,0,0,-25,-20,-22,0,0,0,-11,-12,-20,0,0,0,0,0,0,0,0,0,0,60,45,94,104,171,103,114,107,93,111,104,23,27,0,85,104,58,0,0,0,0,0,32,31,31,33,100,0,0,0,0,0,0,0,0,0,80,0,13,28,472,464,353,344,349,321,1154,1118,1093,1076,1003,498,1498,1348,5477,5477,29956,5193,29964,29962,29946,12822,29957,29958,29980,29981,29981,29982,29982,29981]} 1. e4 c5 2. Nf3 e6 3. c3 d5 4. exd5 Qxd5 5. d4 Nf6 6. Na3 {[%cal Bb1a3,Ba3c4,Bc4e5][%mdl 32]} Qd8 7. Bg5 Nbd7 {B22: Sicilian: 2 c3} (7... cxd4 8. Nxd4 a6 9. Nc4 Nbd7 10. Be2 Qc7 11. a4 b6 12. Bh4 Bb7 13. Bg3 Qc5 14. Nb3 Qd5 15. Qxd5 Bxd5 {½-½ (58) Hoang,C (2408)-Pham,C (2391) Vietnam 2016}) 8. Nc4 {LiveBook: 5 Games} (8. Bxf6 $5 Qxf6 9. Nb5 $14) 8... Qc7 9. Be2 b6 $146 {White is slightly better.} ({Predecessor:} 9... Be7) 10. Bh4 Bb7 11. Bg3 Qc6 12. Nce5 Qc8 13. O-O Be7 14. dxc5 (14. Nxf7 $1 $16 Kxf7 15. Ng5+ Kg8 16. Nxe6) 14... Qxc5 $11 15. Qa4 {And now Nxd7 would win.} a6 $1 16. Nxd7 Nxd7 {[%cal Bf6d7,Bd7b6,Bb6d5][%mdl 32]} 17. Rfd1 b5 18. Qd4 Qxd4 19. Nxd4 Nb6 20. a4 $36 {[%mdl 2048] White fights for an advantage.} bxa4 21. Bc7 {[%cal Bg3c7,Bc7a5,Ba5b4][%mdl 32]} Nd5 22. Ba5 a3 23. bxa3 {Threatens to win with Rab1.} Bd8 24. Bb4 Bf6 25. Rab1 O-O-O (25... Nxb4 $11 26. Rxb4 Bd5) 26. Bf3 (26. Ba5 $16) 26... Rd7 27. Nb3 Nxb4 28. Bxb7+ Rxb7 29. cxb4 Rd8 30. Nc5 Rb6 31. g3 Rxd1+ 32. Rxd1 {[%mdl 4096] Endgame KRB-KRN} Rc6 33. Nd7 Bb2 34. a4 $1 Kc7 35. Nc5 Kc8 36. Nd7 Rc2 37. a5 e5 38. Nb6+ Kb7 39. Rd7+ Rc7 {White must now prevent ...Rxd7.} 40. Rd6 Bd4 41. Nd5 Rc1+ 42. Kg2 Rc2 (42... Rc4 $11) 43. Rd7+ $14 Kb8 44. Rxf7 h5 (44... e4 $16) 45. h3 (45. h4 $18) 45... g5 46. g4 h4 47. Kf1 e4 48. Ke1 ({White should play} 48. Rf5 $16) 48... Rb2 49. Kf1 {Hoping for Nc7.} Rb1+ (49... Rc2 $1 $11) 50. Kg2 $16 {Strongly threatening Nc7.} Rb2 51. Ne7 (51. Nc7 $14) 51... Rc2 $11 52. Kf1 Rc1+ $1 53. Ke2 Rc2+ 54. Kd1 Rc3 $1 55. Kd2 Rc7 (55... Rxh3 $14 56. Nc6+ Kc8) 56. Ke2 (56. Rf8+ $16 Kb7 57. Nd5) 56... Kb7 57. Nf5 Rxf7 58. Nd6+ Kc6 59. Nxf7 {KB-KN} Bf6 60. Kd2 Kd5 (60... Kb5 $1 $11 {keeps the balance.}) 61. Ke2 (61. b5 $1 $16 {[%cal Rb5a6]} axb5 62. a6) 61... Ke6 62. Nh6 {b5! is the strong threat.} Be7 $2 {[%mdl 8192]} (62... Kd5 $11) 63. b5 $1 $18 axb5 {[#]} 64. a6 $1 {[%cal Ra6a7] aiming for a7.} Bc5 {[#]} 65. f3 $1 Kd5 $2 (65... e3 66. Nf5 b4 67. Nxe3 b3) 66. fxe4+ Kxe4 67. Nf7 Kf4 68. Nd8 (68. Kd2 $142 Ba7 69. Kc3) 68... Kg3 (68... Ke5 $142 69. Nf7+ Kf4) 69. Ne6 Ba7 70. Nxg5 b4 71. Kd3 (71. Ne6 $142 b3 72. Kd2 Kxh3 73. g5 Be3+ 74. Kc3 b2 75. Kxb2 Kg4 76. g6) 71... Kf4 72. Ne4 b3 73. g5 {[%cal Bg4g5,Bg5g6,Bg6g7][%mdl 32]} Kf5 74. Kc3 {White mates.} Kxe4 75. g6 b2 76. Kxb2 Kd5 77. g7 {Precision: White = 52%, Black = 45%.} 1-0

[Event "14th Vandoeuvre Open 2018"]
[Site "?"]
[Date "2018.01.05"]
[Round "8"]
[White "Sundararajan, Kidambi"]
[Black "Bellahcene, Bilel"]
[Result "0-1"]
[WhiteElo "2423"]
[BlackElo "2494"]
[Annotator "TA"]
[PlyCount "86"]
[EventDate "2018.??.??"]
[EventType "swiss"]
[EventCountry "FRA"]
[SourceTitle "Vandoeuvre"]

{[%evp 21,86,29,33,35,37,25,31,25,26,22,45,41,48,49,56,29,40,16,37,22,12,9,4,4,3,9,13,6,12,17,22,0,0,0,0,0,0,-20,-13,-16,-24,-25,-25,-25,-25,-43,-27,-72,-66,-114,-114,-203,-191,-256,-229,-210,-183,-226,-222,-221,-219,-222,-165,-1279,-1244,-29998,-29999]} 1. c4 e6 2. Nf3 d5 3. g3 Nf6 4. Bg2 dxc4 5. Qa4+ c6 6. Qxc4 b5 7. Qc2 Bb7 8. O-O Nbd7 {A13: English Opening: 1...e6} 9. Nc3 {[%cal Bb1c3,Bc3d1,Bd1e3,Be3c4][%mdl 32]} a6 10. a4 b4 (10... Be7 11. d4 O-O 12. Ng5 h6 13. Nge4 Nd5 14. Rd1 Qb6 15. Bf4 Nxf4 16. gxf4 {1-0 (77) Karjakin,S (2753)-Khismatullin,D (2642) Chita 2015}) 11. Nd1 c5 {LiveBook: 3 Games} 12. Ne3 Be7 13. b3 O-O 14. Bb2 Rc8 15. Nc4 Ba8 $146 ({Predecessor:} 15... Be4 16. d3 {½-½ (25) Erturan,Y (2360)-Can,E (2409) Ankara 2007}) 16. Rac1 h6 17. Rfd1 Nb6 18. Nxb6 Qxb6 19. d3 Qb8 20. e4 Nd7 21. Nd2 Ne5 22. Bxe5 Qxe5 23. d4 Qb8 24. d5 Bf6 25. dxe6 fxe6 26. Qc4 Qb6 27. Nf3 {Black should prevent e5.} Bb2 28. Rc2 Bc3 $1 29. a5 Qc6 30. Rxc3 bxc3 31. Ne5 {[#]} c2 $1 32. Qxc2 Qc7 33. Ng6 Rfe8 34. Qc4 {Black must now prevent Bh3.} Rcd8 $36 {[%mdl 2048] Black fights for an advantage.} 35. Rxd8 Qxd8 36. h4 (36. Nf4 $17 {is a better defense.} Qxa5 37. Nxe6 Qe1+ 38. Bf1) 36... Qxa5 $19 37. h5 (37. f3 $142) 37... Qb5 {[#] ...Qxc4 is the strong threat.} 38. Qc2 a5 39. Bf1 Qb4 40. f3 Rd8 41. Nf4 Qe1 42. Nxe6 $2 (42. Qf2 Qc1 43. Qe2) 42... Rd2 43. Qxc5 Qxg3+ {Precision: White = 41%, Black = 77%.} 0-1

[Event "14th Vandoeuvre Open 2018"]
[Site "?"]
[Date "2018.01.05"]
[Round "8"]
[White "Schmitt, Axel"]
[Black "Grandmougin, Olivier"]
[Result "1/2-1/2"]
[WhiteElo "2323"]
[BlackElo "1904"]
[PlyCount "102"]
[EventDate "2018.??.??"]
[EventType "swiss"]
[EventCountry "FRA"]
[SourceTitle "Vandoeuvre"]
[TimeControl "5400+30"]
[WhiteClock "0:42:40"]
[BlackClock "1:10:28"]

1. e4 {[%emt 0:00:00]} e6 {[%emt 0:02:09]} 2. Qe2 {[%emt 0:00:00]} c5 {[%emt 0:01:21]} 3. Nf3 {[%emt 0:00:00]} Nc6 {[%emt 0:00:37]} 4. g3 {[%emt 0:00:21]} d6 {[%emt 0:07:51]} 5. Bg2 {[%emt 0:00:15]} e5 {[%emt 0:01:47]} 6. O-O {[%emt 0:00:51]} Be7 {[%emt 0:01:43]} 7. d3 {[%emt 0:00:19]} f5 {[%emt 0:02:47]} 8. Ne1 {[%emt 0:03:06]} Nf6 {[%emt 0:05:35]} 9. exf5 {[%emt 0:00:37]} Bxf5 {[%emt 0:02:01]} 10. f4 {[%emt 0:02:55]} Nd4 {[%emt 0:09:14]} 11. Qd1 {[%emt 0:02:07]} Bg4 {[%emt 0:00:23]} 12. Nf3 {[%emt 0:03:12]} O-O {[%emt 0:04:24]} 13. c3 {[%emt 0:00:46]} Nxf3+ {[%emt 0:01:14]} 14. Bxf3 {[%emt 0:00:06]} Bxf3 {[%emt 0:00:33]} 15. Rxf3 {[%emt 0:00:10]} e4 {[%emt 0:02:30]} 16. dxe4 {[%emt 0:00:12]} d5 {[%emt 0:00:47]} 17. exd5 {[%emt 0:01:08]} Qxd5 {[%emt 0:01:00]} 18. Qxd5+ {[%emt 0:03:55]} Nxd5 {[%emt 0:03:00]} 19. Na3 {[%emt 0:00:26]} Rad8 {[%emt 0:00:54]} 20. Rf1 {[%emt 0:09:06]} a6 {[%emt 0:07:30]} 21. Bd2 b5 22. Rad1 Bf6 23. Bc1 Rfe8 24. Nc2 Nb6 25. Ne3 c4 26. Rxd8 Rxd8 27. Rd1 Na4 28. Rxd8+ Bxd8 29. Nd5 Nc5 30. Be3 Nd3 31. b3 Kf7 32. f5 g6 33. g4 h5 34. h3 hxg4 35. hxg4 Ne5 36. fxg6+ Kxg6 37. Kf1 Nxg4 38. Bd4 Kf5 39. Nb4 a5 40. Nc6 Bc7 41. Na7 cxb3 42. axb3 b4 43. cxb4 axb4 44. Bc5 Ke4 45. Bxb4 Ne3+ 46. Ke2 Nc2 47. Bc3 Nd4+ 48. Bxd4 Kxd4 49. Nb5+ Kc5 50. Nxc7 Kb4 51. Kd3 Kxb3 1/2-1/2

[Event "14th Vandoeuvre Open 2018"]
[Site "?"]
[Date "2018.01.05"]
[Round "8"]
[White "Obert, Julien"]
[Black "Mergen, Bat"]
[Result "*"]
[WhiteElo "1923"]
[BlackElo "1852"]
[PlyCount "28"]
[EventDate "2018.??.??"]
[EventType "swiss"]
[EventCountry "FRA"]
[SourceTitle "Vandoeuvre"]
[TimeControl "5400+30"]
[WhiteClock "0:56:40"]
[BlackClock "0:41:16"]

1. e4 {[%emt 0:00:00]} c5 {[%emt 0:01:00]} 2. a3 {[%emt 0:00:16]} a6 {[%emt 0:00:56]} 3. b4 {[%emt 0:00:47]} e6 {[%emt 0:03:20]} 4. bxc5 {[%emt 0:02:08]} Bxc5 {[%emt 0:01:36]} 5. d4 {[%emt 0:00:25]} Ba7 {[%emt 0:00:24]} 6. Nf3 {[%emt 0:01:07]} Ne7 {[%emt 0:01:24]} 7. Bd3 {[%emt 0:02:47]} Nbc6 {[%emt 0:00:44]} 8. c3 {[%emt 0:03:17]} Ng6 {[%emt 0:01:37]} 9. Be3 {[%emt 0:04:59]} d6 {[%emt 0:01:19]} 10. Nbd2 {[%emt 0:00:58]} O-O {[%emt 0:03:40]} 11. O-O {[%emt 0:20:00]} e5 {[%emt 0:04:01]} 12. Rb1 {[%emt 0:02:34]} b6 {[%emt 0:13:05]} 13. Re1 {[%emt 0:06:55]} Nce7 {[%emt 0:02:53]} 14. Nf1 {[%emt 0:09:31]} b5 {[%emt 0:04:21]} *

[Event "14th Vandoeuvre Open 2018"]
[Site "?"]
[Date "2018.01.05"]
[Round "8"]
[White "Riou Durand, Lionel"]
[Black "Grandmougin, Olivier"]
[Result "0-1"]
[WhiteElo "1898"]
[BlackElo "1904"]
[PlyCount "58"]
[EventDate "2018.??.??"]
[EventType "swiss"]
[EventCountry "FRA"]
[SourceTitle "Vandoeuvre"]
[TimeControl "5400+30"]
[WhiteClock "0:35:54"]
[BlackClock "0:10:00"]

1. e4 {[%emt 0:03:17]} e6 {[%emt 0:00:00]} 2. d4 {[%emt 0:00:07]} d5 {[%emt 0:00:00]} 3. Nd2 {[%emt 0:00:10]} c5 {[%emt 0:00:19]} 4. exd5 {[%emt 0:00:04]} exd5 {[%emt 0:00:29]} 5. Ngf3 {[%emt 0:00:21]} Nc6 {[%emt 0:00:47]} 6. Bb5 {[%emt 0:00:12]} Bd6 {[%emt 0:00:16]} 7. dxc5 {[%emt 0:00:20]} Bxc5 {[%emt 0:00:02]} 8. O-O {[%emt 0:00:12]} Nge7 {[%emt 0:00:06]} 9. Re1 {[%emt 0:00:14]} O-O {[%emt 0:00:23]} 10. Nb3 {[%emt 0:00:26]} Bd6 {[%emt 0:02:22]} 11. h3 {[%emt 0:00:08]} Bf5 {[%emt 0:07:38]} 12. Bd3 {[%emt 0:00:07]} Qd7 {[%emt 0:01:17]} 13. c3 {[%emt 0:07:04]} Rad8 {[%emt 0:04:21]} 14. Be3 {[%emt 0:02:11]} Bb8 {[%emt 0:03:13]} 15. Nbd4 {[%emt 0:04:13]} Be4 {[%emt 0:13:54]} 16. Ng5 {[%emt 0:05:59]} Qd6 {[%emt 0:06:03]} 17. Ndf3 {[%emt 0:09:52]} Qg6 {[%emt 0:02:22]} 18. Nh4 {[%emt 0:00:47]} Qd6 {[%emt 0:01:28]} 19. Bxe4 {[%emt 0:09:04]} Qh2+ {[%emt 0:02:18]} 20. Kf1 {[%emt 0:00:07]} dxe4 {[%emt 0:00:07]} 21. Qg4 {[%emt 0:00:38]} h6 {[%emt 0:05:54]} 22. Qxe4 {[%emt 0:33:30]} hxg5 {[%emt 0:05:18]} 23. Nf3 {[%emt 0:00:13]} Qd6 {[%emt 0:02:21]} 24. Nxg5 {[%emt 0:02:35]} Qg6 {[%emt 0:00:41]} 25. Qa4 {[%emt 0:01:04]} Nd5 {[%emt 0:02:05]} 26. Ne4 {[%emt 0:04:36]} Rfe8 {[%emt 0:03:00]} 27. Bg5 {[%emt 0:02:16]} Rxe4 {[%emt 0:01:23]} 28. Rxe4 {[%emt 0:01:27]} Qxg5 {[%emt 0:00:16]} 29. Qb5 {[%emt 0:03:16]} Ne3+ {[%emt 0:00:13]} 0-1

[Event "14th Vandoeuvre Open 2018"]
[Site "?"]
[Date "2018.01.05"]
[Round "8"]
[White "Budak, Rezan"]
[Black "Mergen, Bat"]
[Result "0-1"]
[WhiteElo "1870"]
[BlackElo "1852"]
[PlyCount "148"]
[EventDate "2018.??.??"]
[EventType "swiss"]
[EventCountry "FRA"]
[SourceTitle "Vandoeuvre"]
[TimeControl "5400+30"]
[WhiteClock "0:02:28"]
[BlackClock "0:01:02"]

1. e4 {[%emt 0:11:31]} c5 {[%emt 0:00:00]} 2. Nc3 {[%emt 0:00:13]} Nc6 {[%emt 0:00:00]} 3. Bb5 {[%emt 0:00:29]} Nd4 {[%emt 0:00:13]} 4. Bc4 {[%emt 0:01:49]} e6 {[%emt 0:01:03]} 5. Nge2 {[%emt 0:01:11]} g6 {[%emt 0:02:10]} 6. Nxd4 {[%emt 0:02:06]} cxd4 {[%emt 0:00:08]} 7. Ne2 {[%emt 0:00:09]} Bg7 {[%emt 0:00:21]} 8. O-O {[%emt 0:00:25]} Ne7 {[%emt 0:01:58]} 9. d3 {[%emt 0:00:45]} d5 {[%emt 0:03:49]} 10. Bb3 {[%emt 0:00:18]} dxe4 {[%emt 0:00:24]} 11. dxe4 {[%emt 0:00:07]} Nc6 {[%emt 0:01:15]} 12. f4 {[%emt 0:03:06]} O-O {[%emt 0:10:39]} 13. a3 {[%emt 0:03:34]} e5 {[%emt 0:03:17]} 14. Qd3 {[%emt 0:06:46]} exf4 {[%emt 0:05:58]} 15. Bxf4 {[%emt 0:00:34]} Be6 {[%emt 0:00:59]} 16. Rad1 {[%emt 0:11:53]} Bxb3 {[%emt 0:01:23]} 17. Qxb3 {[%emt 0:00:47]} Qe7 {[%emt 0:00:09]} 18. Ng3 {[%emt 0:03:27]} Rad8 {[%emt 0:02:42]} 19. Rfe1 {[%emt 0:02:47]} Rd7 {[%emt 0:05:37]} 20. Nf1 {[%emt 0:06:04]} Rfd8 {[%emt 0:09:19]} 21. Qd3 {[%emt 0:01:50]} h5 {[%emt 0:08:56]} 22. Qg3 {[%emt 0:13:42]} h4 {[%emt 0:01:03]} 23. Qg4 {[%emt 0:00:24]} Ne5 {[%emt 0:00:54]} 24. Bxe5 {[%emt 0:01:00]} Bxe5 {[%emt 0:00:15]} 25. Nd2 {[%emt 0:00:25]} d3 {[%emt 0:02:15]} 26. c3 {[%emt 0:00:16]} Bg7 {[%emt 0:09:02]} 27. Nf3 {[%emt 0:01:01]} Qc5+ {[%emt 0:01:17]} 28. Kf1 {[%emt 0:00:02]} d2 {[%emt 0:00:49]} 29. Re2 {[%emt 0:01:01]} Qb5 {[%emt 0:01:38]} 30. Qxh4 {[%emt 0:19:48]} Qxb2 {[%emt 0:01:12]} 31. Rdxd2 {[%emt 0:00:33]} Rxd2 {[%emt 0:00:24]} 32. Qxd8+ {[%emt 0:00:14]} Rxd8 {[%emt 0:01:25]} 33. Rxb2 {[%emt 0:00:08]} b6 {[%emt 0:01:22]} 34. Ke2 {[%emt 0:02:19]} Bxc3 {[%emt 0:00:52]} 35. Rc2 {[%emt 0:00:09]} Ba5 {[%emt 0:03:08]} 36. Rc7 {[%emt 0:00:15]} a6 {[%emt 0:00:58]} 37. Ng5 {[%emt 0:00:24]} Rd2+ {[%emt 0:01:21]} 38. Kf1 {[%emt 0:00:26]} f6 {[%emt 0:05:02]} 39. Rc8+ {[%emt 0:00:19]} Kg7 {[%emt 0:00:45]} 40. Ne6+ {[%emt 0:00:52]} Kf7 {[%emt 0:00:33]} 41. Nf4 {[%emt 0:00:20]} Rd7 {[%emt 0:07:52]} 42. Rc6 {[%emt 0:00:32]} Re7 {[%emt 0:00:40]} 43. Nd5 {[%emt 0:01:21]} Re6 {[%emt 0:00:38]} 44. Rc7+ {[%emt 0:03:13]} Kf8 {[%emt 0:00:51]} 45. Rc4 {[%emt 0:00:37]} b5 {[%emt 0:02:17]} 46. Rd4 {[%emt 0:02:13]} g5 {[%emt 0:00:50]} 47. g4 {[%emt 0:00:46]} Rd6 {[%emt 0:02:36]} 48. Rd3 {[%emt 0:00:38]} Kf7 {[%emt 0:00:37]} 49. Ke2 {[%emt 0:00:30]} Ke6 {[%emt 0:00:20]} 50. Ke3 {[%emt 0:01:01]} Ke5 {[%emt 0:00:20]} 51. Rb3 {[%emt 0:00:34]} Rc6 {[%emt 0:00:50]} 52. Ne7 {[%emt 0:00:30]} Bb6+ {[%emt 0:01:09]} 53. Kf3 {[%emt 0:00:21]} Rc4 {[%emt 0:00:41]} 54. Rd3 {[%emt 0:00:40]} Bd4 {[%emt 0:01:58]} 55. Nd5 {[%emt 0:00:22]} a5 {[%emt 0:00:28]} 56. Rb3 {[%emt 0:00:16]} Rc5 {[%emt 0:00:19]} 57. Ne7 {[%emt 0:00:29]} Rc3+ {[%emt 0:00:24]} 58. Rxc3 {[%emt 0:00:20]} Bxc3 {[%emt 0:00:03]} 59. Ke3 {[%emt 0:00:56]} b4 {[%emt 0:01:02]} 60. axb4 {[%emt 0:00:37]} axb4 {[%emt 0:00:23]} 61. Nc6+ {[%emt 0:00:16]} Kd6 {[%emt 0:00:16]} 62. Na5 {[%emt 0:00:14]} Kc5 {[%emt 0:00:18]} 63. Kd3 {[%emt 0:00:25]} Kb5 {[%emt 0:00:10]} 64. Nb3 {[%emt 0:00:44]} Kc6 {[%emt 0:00:51]} 65. Nc1 {[%emt 0:00:49]} Kd6 {[%emt 0:00:27]} 66. Ke3 {[%emt 0:00:25]} Ke5 {[%emt 0:00:15]} 67. h3 {[%emt 0:00:28]} Bd4+ {[%emt 0:00:25]} 68. Kf3 {[%emt 0:00:05]} Bc5 {[%emt 0:01:18]} 69. Nb3 {[%emt 0:00:35]} Bb6 {[%emt 0:00:30]} 70. Nd2 {[%emt 0:01:01]} Kd4 {[%emt 0:00:18]} 71. Nb1 {[%emt 0:00:25]} Kd3 {[%emt 0:00:13]} 72. h4 {[%emt 0:00:37]} gxh4 {[%emt 0:00:03]} 73. g5 {[%emt 0:00:23]} fxg5 {[%emt 0:00:10]} 74. e5 {[%emt 0:00:06]} h3 {[%emt 0:00:25]} 0-1